[Event "CHI-ch sf"]
[Site "Quilpue"]
[Date "2019.01.20"]
[Round "8"]
[White "Lobos Barrenechea, Miguel"]
[Black "Espinoza Oyarzun, Guillermo Al"]
[Result "0-1"]
[WhiteElo "2327"]
[BlackElo "1867"]
[PlyCount "54"]
[EventDate "2019.01.17"]
[EventType "swiss"]
[EventRounds "8"]
[EventCountry "CHI"]
[SourceTitle "CBM 188 Extra"]
[Source "ChessBase"]
[SourceDate "2019.02.28"]
[SourceVersion "1"]
[SourceVersionDate "2019.02.28"]
[SourceQuality "1"]

1. e4 e5 2. Nf3 Nc6 3. Bb5 Nd4 4. Bc4 Nxf3+ 5. Qxf3 Qf6 6. Qg3 Bc5 7. d4 Bxd4 8. c3 Bb6 9. Bg5 Qd6 10. Na3 Nf6 11. Qh4 0-0 12. 0-0 h6 13. Bxh6 gxh6 14. Rad1 Qe7 15. Qxh6 Nh7 16. Rd3 Qf6 17. Qh5 Kh8 18. Rh3 Qg6 19. Qxe5+ f6 20. Qe7 Qg7 21. Rxh7+ Kxh7 22. Qb4 d6 23. Kh1 Bd7 24. Nc2 Rg8 25. Ne1 Qg5 26. Bxg8+ Rxg8 27. Qc4 Bb5 0-1